| 000 | 00572nam a2200193Ia 4500 | ||
|---|---|---|---|
| 999 |
_c6032 _d6032 |
||
| 020 | _a9780195693663 | ||
| 082 | _a321.8954 RUD-R | ||
| 100 | _aRudolph, Lloyd I. | ||
| 245 | 0 | _aRealm of the public sphere: identity and policy | |
| 260 |
_aNew Delhi _bOxford University Press _c2008 |
||
| 300 | _axviii, 435 | ||
| 440 | _aExplaining Indian democracy: a fifty-year perspective, 1956- | ||
| 504 | _aincludes index | ||
| 650 |
_aDemocracy _zIndia |
||
| 650 | _aForeign policy | ||
| 650 |
_aPublic intellectuals _zIndia |
||
| 700 | _aRudolph, Susanne Hoeber | ||
| 942 | _cBK | ||